000 00363nam a2200145 i 4500
001 bg
100 1 _aBĄCAL, Kazimierz
245 0 _aLaboratorium miernictwa warsztatowego /
_cKazimierz Bącal.
260 _aZielona Góra,
_c1975.
040 _cBPK
041 _apol
080 _a621:621.317:681.2
942 _cKS
008 s pl f |000 0 pol
999 _c16758
_d16758
856 _uhttp://koha.tu.koszalin.pl/cgi-bin/koha/opac-detail.pl?biblionumber=16758
_yKatalog online BPK